<?xml version="1.0" encoding="UTF-8"?><record xmlns="http://www.loc.gov/MARC21/slim" xmlns:zs="http://docs.oasis-open.org/ns/search-ws/sruResponse">
  <leader>03002cas a2200613 a 4500</leader>
  <controlfield tag="001">11281534</controlfield>
  <controlfield tag="005">20250701134023.3</controlfield>
  <controlfield tag="008">750815d18321916wvuwr ne      0   a0eng c</controlfield>
  <datafield ind1=" " ind2=" " tag="010">
    <subfield code="a">sn 84026784 </subfield>
  </datafield>
  <datafield ind1="0" ind2=" " tag="022">
    <subfield code="a">2768-3915</subfield>
    <subfield code="2">1</subfield>
  </datafield>
  <datafield ind1="1" ind2=" " tag="029">
    <subfield code="a">AU@</subfield>
    <subfield code="b">000020120845</subfield>
  </datafield>
  <datafield ind1=" " ind2=" " tag="035">
    <subfield code="a">(OCoLC)1550195</subfield>
  </datafield>
  <datafield ind1=" " ind2=" " tag="040">
    <subfield code="a">FUL</subfield>
    <subfield code="b">eng</subfield>
    <subfield code="c">FUL</subfield>
    <subfield code="d">NPU</subfield>
    <subfield code="d">NPV</subfield>
    <subfield code="d">NPX</subfield>
    <subfield code="d">WVC</subfield>
    <subfield code="d">DLC</subfield>
    <subfield code="d">MSJ</subfield>
    <subfield code="d">DLC</subfield>
    <subfield code="d">NYS</subfield>
    <subfield code="d">CNK</subfield>
    <subfield code="d">NVJ</subfield>
    <subfield code="d">NVK</subfield>
    <subfield code="d">OCL</subfield>
    <subfield code="d">NVK</subfield>
    <subfield code="d">DLC</subfield>
    <subfield code="d">KRTAS</subfield>
    <subfield code="d">CUI</subfield>
    <subfield code="d">OCLCQ</subfield>
    <subfield code="d">OCLCF</subfield>
    <subfield code="d">NVK</subfield>
    <subfield code="d">AQM</subfield>
    <subfield code="d">OCLCQ</subfield>
    <subfield code="d">NJB</subfield>
    <subfield code="d">OCLCO</subfield>
    <subfield code="d">NVK</subfield>
    <subfield code="d">DLC</subfield>
    <subfield code="d">OCLCL</subfield>
  </datafield>
  <datafield ind1=" " ind2=" " tag="042">
    <subfield code="a">pcc</subfield>
    <subfield code="a">nsdp</subfield>
  </datafield>
  <datafield ind1=" " ind2=" " tag="043">
    <subfield code="a">n-us-wv</subfield>
  </datafield>
  <datafield ind1="0" ind2="0" tag="050">
    <subfield code="a">Newspaper</subfield>
  </datafield>
  <datafield ind1=" " ind2="4" tag="050">
    <subfield code="a">AN</subfield>
  </datafield>
  <datafield ind1="1" ind2="0" tag="082">
    <subfield code="a">071.3</subfield>
    <subfield code="2">23</subfield>
    <subfield code="1">https://id.oclc.org/worldcat/ddc/E3MJ87dMTw4ByGq4RJYrdRdTc3</subfield>
  </datafield>
  <datafield ind1="0" ind2=" " tag="130">
    <subfield code="a">Virginia free press (Charles Town, W. Va.)</subfield>
  </datafield>
  <datafield ind1=" " ind2="0" tag="222">
    <subfield code="a">Virginia free press</subfield>
    <subfield code="b">(Charles Town, W. Va. Print)</subfield>
  </datafield>
  <datafield ind1="1" ind2="0" tag="245">
    <subfield code="a">Virginia free press.</subfield>
  </datafield>
  <datafield ind1="1" ind2="3" tag="246">
    <subfield code="a">Virginia free press and farmers' repository</subfield>
  </datafield>
  <datafield ind1="1" ind2="3" tag="246">
    <subfield code="a">Virginia free press, the old family journal</subfield>
  </datafield>
  <datafield ind1="1" ind2=" " tag="246">
    <subfield code="i">Published as:</subfield>
    <subfield code="a">Free press</subfield>
    <subfield code="f">July 29-Aug. 5, 1841</subfield>
  </datafield>
  <datafield ind1=" " ind2=" " tag="260">
    <subfield code="a">Charlestown, Va. [W. Va.] :</subfield>
    <subfield code="b">John S. Gallaher,</subfield>
    <subfield code="c">1832-</subfield>
  </datafield>
  <datafield ind1=" " ind2=" " tag="310">
    <subfield code="a">Weekly</subfield>
  </datafield>
  <datafield ind1=" " ind2=" " tag="336">
    <subfield code="a">text</subfield>
    <subfield code="b">txt</subfield>
    <subfield code="2">rdacontent</subfield>
  </datafield>
  <datafield ind1=" " ind2=" " tag="337">
    <subfield code="a">unmediated</subfield>
    <subfield code="b">n</subfield>
    <subfield code="2">rdamedia</subfield>
  </datafield>
  <datafield ind1="0" ind2=" " tag="362">
    <subfield code="a">Vol. 25, no. 21 (July 19, 1832)-</subfield>
  </datafield>
  <datafield ind1="1" ind2=" " tag="362">
    <subfield code="a">Ceased in 1916.</subfield>
  </datafield>
  <datafield ind1=" " ind2=" " tag="500">
    <subfield code="a">Sometimes published as: Virginia free press and farmers' repository, &lt;Jan. 21, 1851&gt; &lt;Mar. 4, May 6, 1852&gt; &lt;Aug. 10, Nov. 23, 1854&gt;.</subfield>
  </datafield>
  <datafield ind1=" " ind2=" " tag="515">
    <subfield code="a">Vol. numbering has New ser. beginning with Vol. 1, no. 1 (Aug. 24, 1865).</subfield>
  </datafield>
  <datafield ind1=" " ind2=" " tag="515">
    <subfield code="a">Suspended 1862-Aug. 24, 1865.</subfield>
  </datafield>
  <datafield ind1=" " ind2=" " tag="530">
    <subfield code="a">Available on microfilm from the Library of Congress, Photoduplication Service.</subfield>
  </datafield>
  <datafield ind1=" " ind2=" " tag="530">
    <subfield code="a">Also available online.</subfield>
  </datafield>
  <datafield ind1=" " ind2=" " tag="530">
    <subfield code="a">Archived issues are available in digital format from the Library of Congress Chronicling America online collection.</subfield>
  </datafield>
  <datafield ind1=" " ind2="0" tag="651">
    <subfield code="a">Charles Town (W. Va.)</subfield>
    <subfield code="v">Newspapers.</subfield>
  </datafield>
  <datafield ind1=" " ind2="0" tag="651">
    <subfield code="a">Jefferson County (W. Va.)</subfield>
    <subfield code="v">Newspapers.</subfield>
  </datafield>
  <datafield ind1=" " ind2="7" tag="651">
    <subfield code="a">West Virginia</subfield>
    <subfield code="z">Charles Town.</subfield>
    <subfield code="2">fast</subfield>
    <subfield code="0">(OCoLC)fst01217935</subfield>
    <subfield code="1">https://id.oclc.org/worldcat/entity/E39PBJyxpkRpR6tBBGwPF9yWXd</subfield>
  </datafield>
  <datafield ind1=" " ind2="7" tag="651">
    <subfield code="a">West Virginia</subfield>
    <subfield code="z">Jefferson County.</subfield>
    <subfield code="2">fast</subfield>
    <subfield code="0">(OCoLC)fst01211991</subfield>
    <subfield code="1">https://id.oclc.org/worldcat/entity/E39PBJtMkTDPcXghmWdmc9yrv3</subfield>
  </datafield>
  <datafield ind1=" " ind2="7" tag="655">
    <subfield code="a">Newspapers.</subfield>
    <subfield code="2">fast</subfield>
    <subfield code="0">(OCoLC)fst01423814</subfield>
  </datafield>
  <datafield ind1=" " ind2="7" tag="655">
    <subfield code="a">Newspapers.</subfield>
    <subfield code="2">lcgft</subfield>
  </datafield>
  <datafield ind1=" " ind2="7" tag="655">
    <subfield code="a">Newspapers.</subfield>
    <subfield code="2">rbgenr</subfield>
  </datafield>
  <datafield ind1=" " ind2=" " tag="752">
    <subfield code="a">United States</subfield>
    <subfield code="b">West Virginia</subfield>
    <subfield code="c">Jefferson</subfield>
    <subfield code="d">Charles Town.</subfield>
  </datafield>
  <datafield ind1="0" ind2="8" tag="776">
    <subfield code="i">Online version:</subfield>
    <subfield code="t">Virginia free press (Charles Town, W. Va.)</subfield>
    <subfield code="x">2768-3923</subfield>
    <subfield code="w">(DLC)  2021270721</subfield>
    <subfield code="w">(OCoLC)690014458</subfield>
  </datafield>
  <datafield ind1="0" ind2="0" tag="780">
    <subfield code="t">Virginia free press &amp; farmers' repository</subfield>
    <subfield code="x">2768-3893</subfield>
    <subfield code="w">(DLC)sn 84024746</subfield>
    <subfield code="w">(OCoLC)11080675</subfield>
  </datafield>
  <datafield ind1="4" ind2="1" tag="859">
    <subfield code="u">https://hdl.loc.gov/loc.sgp/chronam.sn84026784</subfield>
  </datafield>
  <datafield ind1="4" ind2="1" tag="859">
    <subfield code="u">http://www.virginiachronicle.com</subfield>
  </datafield>
  <datafield ind1=" " ind2=" " tag="906">
    <subfield code="a">7</subfield>
    <subfield code="b">cbc</subfield>
    <subfield code="c">sercoop</subfield>
    <subfield code="d">2</subfield>
    <subfield code="e">ncip</subfield>
    <subfield code="f">19</subfield>
    <subfield code="g">n-oclcserc</subfield>
  </datafield>
  <datafield ind1="0" ind2=" " tag="925">
    <subfield code="a">Acquire</subfield>
    <subfield code="b">1 shelf copy</subfield>
    <subfield code="x">policy default</subfield>
  </datafield>
  <datafield ind1=" " ind2=" " tag="955">
    <subfield code="k">sr02 2021-06-01</subfield>
  </datafield>
  <datafield ind1=" " ind2=" " tag="890">
    <subfield code="a">Virginia Free Press [Charlestown--West Virginia]. [NEWSPAPER--microfilm]</subfield>
    <subfield code="i">sv 97020230</subfield>
  </datafield>
  <datafield ind1=" " ind2=" " tag="985">
    <subfield code="a">serpull/chronam</subfield>
    <subfield code="e">ndnp</subfield>
  </datafield>
  <datafield ind1=" " ind2=" " tag="991">
    <subfield code="b">c-Ser</subfield>
    <subfield code="h">Newspaper 10188</subfield>
    <subfield code="w">SERIALS</subfield>
  </datafield>
</record>
